|
|
|
|
| LEADER |
00000nam0a2200000 4500 |
| 001 |
174477 |
| 005 |
20231031164743.0 |
| 010 |
|
|
|a 9781899396351
|
| 035 |
|
|
|a (RuTPU)RU\TPU\book\189207
|
| 035 |
|
|
|a RU\TPU\book\29694
|
| 090 |
|
|
|a 174477
|
| 100 |
|
|
|a 20100128d1996 m y0engy50 ba
|
| 101 |
0 |
|
|a eng
|
| 102 |
|
|
|a GB
|
| 105 |
|
|
|a y j 000zy
|
| 200 |
1 |
|
|a Lessons with Laughter
|e Photocopiable Lessons for Different Levels
|f G. Woolard
|
| 210 |
|
|
|a London
|c Language Teaching Publications
|d 1996
|
| 215 |
|
|
|a 94 p.
|
| 610 |
1 |
|
|a английский язык
|
| 610 |
1 |
|
|a учебные пособия
|
| 610 |
1 |
|
|a юмор
|
| 610 |
1 |
|
|a шутки
|
| 610 |
1 |
|
|a комиксы
|
| 610 |
1 |
|
|a опечатки
|
| 610 |
1 |
|
|a смешные истории
|
| 610 |
1 |
|
|a преподавание
|
| 610 |
1 |
|
|a методика
|
| 686 |
|
|
|a Ш143.21-91
|v LBC/SL-A
|2 rubbk
|
| 686 |
|
|
|a Ш143.21-923
|v LBC/SL-A
|2 rubbk
|
| 700 |
|
1 |
|a Woolard
|b G.
|g George
|
| 801 |
|
0 |
|a RU
|b 63413507
|c 20011209
|g PSBO
|
| 801 |
|
2 |
|a RU
|b 63413507
|c 20221208
|g PSBO
|
| 942 |
|
|
|c BK
|